Name these Sarahs - Statistics

General Stats
  • This quiz has been taken 70 times
  • The average score is 6 of 20
Answer Stats
Picture Hint Answer % Correct
Governor of Alaska Sarah Palin
94%
Journalist Sarah Jessica Parker
78%
Comedienne, Actress Sarah Silverman
69%
Duchess of York Sarah (Windsor / née Ferguson)
66%
Actress Sarah Michelle Gellar
64%
Actress Sarah Paulson
49%
Actress Sarah Hyland
48%
Governor of Arkansas Sarah Huckabee Sanders
27%
Actress Sarah Chalke
22%
Actress Sarah Bernhardt
19%
Singer, Actress Sara Bareilles
18%
Comedienne Sarah Millican
18%
Singer Sarah McLachlan
12%
Actress Sarah Snook
10%
Actress Sara Ramirez
10%
Actress Sarah Rafferty
7%
Actress Sarah Shahi
7%
Comedienne Sarah Sherman
6%
Actress Sarah Drew
3%
Actress Sarah Lancaster
3%
No matching quizzes found
Score Distribution
Percent of People with Each Score
Percentile by Number Answered
Your Score History
You have not taken this quiz